| 000 | 00582nam a22001577a 4500 | ||
|---|---|---|---|
| 999 |
_c535805 _d535805 |
||
| 020 | _qHard Cover. | ||
| 082 | _a670.5 | ||
| 100 | _aAnjum, Taneer Bhatti | ||
| 245 |
_aFEASIBILITY STUDY FOR IMPLEMENTATION OF RELIABILITY CENTERED MAINTENANCE (RCM) ON PROPULSION SYSTEM OF F-22P SHIP / _cTaneer Anjum Bhatti. |
||
| 260 |
_aIslamabad : _bPNEC - NUST, _c2011. |
||
| 300 |
_ax, Var. p. : ill. ; _c30cm. |
||
| 942 |
_2ddc _cTHE |
||
| 650 |
_aIndustrial Mechanical Engineering MS-Thesis _930674 |
||
| 700 |
_aShafiq ur Rehman. _91675 |
||